000
00332nam a2200121Ia 4500
008
230524s9999 xx 000 0 und d
100
_a
Han-Way Huang
245
0
_a
PIC-R- Microcontroller: An Introduction to Software & Hardware Interfacing
260
_b
Cengage
500
_a
Quantity Number: 5
650
_a
Comp-Sc
942
_c
BK
999
_c
50355
_d
50355